| 000 | 01659nam a2200337 i 4500 | ||
|---|---|---|---|
| 003 | DO-SdBNP | ||
| 005 | 20250513094110.0 | ||
| 007 | ta | ||
| 008 | 230802e20022023dr ahc|| |||| 00| 0 spa d | ||
| 020 | _a843120236X | ||
| 040 | 4 |
_aDO-SdBNP _bspa _cBNPHU _erda |
|
| 041 | _aspa | ||
| 082 | 4 |
_a972.93053 _bB171m 2002 _222 |
|
| 100 | 1 |
_a Balaguer, Joaquín, _d1906-2002 _eautor _4aut. _976556 |
|
| 245 | 1 | 0 |
_aMemorias de un cortesano de la "era de Trujillo" / _cJoaquín Balaguer. |
| 250 | _aDecimosexta edición | ||
| 264 | 4 |
_aSanto Domingo : _bEditora Corripio, _c©2002. |
|
| 300 |
_a422 páginas : _bilustraciones, facsímil, retratos ; _c23 cm |
||
| 336 |
_atexto _btxt _2rdacontent |
||
| 337 |
_asin mediación _bn _2rdamedia |
||
| 338 |
_avolumen _bnc _2rdacarrier |
||
| 500 | _aIncluye referencias bibliográficas y notas al pie de las páginas | ||
| 500 | _aIncluye datos biográficos de autor en la solapa de la cubierta | ||
| 505 |
_aPrimera parte-- _tMis Primeros Años-- _gSegunda Parte. _tRadiografía Moral de la "Era de Trujillo"-- _gTercera Parte-- _tLa Democratización.-- _gCuarta Parte-- _tFamiliares y Colaboradores de Trujillo-- _gQuinta Parte-- _tMis Relaciones con Distintos Jefes de Estado-- _gSexta Parte-- _tSangre en las Calle-- _gSéptima Parte-- _tExperiencias Personales.-- _gOctava Parte-- _tMis Creencias-- _tApéndice. |
||
| 590 | _aInventariado 2025/BT | ||
| 600 | 1 | 4 |
_aTrujillo Molina, Rafael Leónidas, _d1891-1961 |
| 650 | 4 |
_aPresidentes _zRepública Dominicana _983857 _vBiografías |
|
| 651 | 4 |
_aRepública Dominicana _xPolítica y gobierno _y1930-1961 _9479 |
|
| 910 | _aBtavárez/Validado. Control de calidad MFF | ||
| 942 |
_2ddc _cLBS1 |
||
| 999 |
_c58887 _d58887 |
||